000
00255nam a2200097Ia 4500
005
20251222114401.0
008
251222s1900||||xx |||||||||||||| ||spa||
082
_a
DVD0040/A23/2008/T.1
245
0
_a
Las crónicas de Narnia: el PrÃncipe Caspian:
942
_c
DVD
999
_c
1631
_d
1631